| 000 -LEADER |
| fixed length control field |
01585nam a22003377a 4500 |
| 005 - DATE AND TIME OF LATEST TRANSACTION |
| control field |
20260416123445.0 |
| 008 - FIXED-LENGTH DATA ELEMENTS--GENERAL INFORMATION |
| fixed length control field |
260415b xxu||||| |||| 00| 0 eng d |
| 040 ## - CATALOGING SOURCE |
| Transcribing agency |
Cagayan State University |
| 082 ## - DEWEY DECIMAL CLASSIFICATION NUMBER |
| Classification number |
791.4372 |
| Item number |
M5336 |
| 245 ## - TITLE STATEMENT |
| Title |
Memories / |
| Statement of responsibility, etc |
directed by Kôji Morimoto, Tensai Okamura, Katsuhiro Ôtomo ; written by Katsuhiro Ôtomo, Satoshi Kon. |
| 260 ## - PUBLICATION, DISTRIBUTION, ETC. (IMPRINT) |
| Place of publication, distribution, etc |
Japan : |
| Name of publisher, distributor, etc |
Bandai Visual Company |
| -- |
Kôdansha |
| -- |
Shochiku. |
| Date of publication, distribution, etc |
1995. |
| 300 ## - PHYSICAL DESCRIPTION |
| Extent |
1 video file, (ca 113 min) : |
| Other physical details |
sound, color. |
| 500 ## - GENERAL NOTE |
| General note |
Summary taken from IMDB.com. |
| 520 ## - SUMMARY, ETC. |
| Summary, etc |
"Memories" is made up of three separate science-fiction stories. In the first, "Magnetic Rose," four space travelers are drawn into an abandoned spaceship that contains a world created by one woman's memories. In "Stink Bomb," a young lab assistant accidentally transforms himself into a human biological weapon set on a direct course for Tôkyô. The final episode, "Cannon Fodder," depicts a day in the life of a city whose entire purpose is the firing of cannons at an unseen enemy.. |
| 546 ## - LANGUAGE NOTE |
| Language note |
In Japanese subtitle. |
| 546 ## - LANGUAGE NOTE |
| Language note |
In English subtitle. |
| 546 ## - LANGUAGE NOTE |
| Language note |
In Italian subtitle. |
| 650 ## - SUBJECT ADDED ENTRY--TOPICAL TERM |
| Topical term or geographic name as entry element |
Animation |
| 650 ## - SUBJECT ADDED ENTRY--TOPICAL TERM |
| Topical term or geographic name as entry element |
Drama |
| 650 ## - SUBJECT ADDED ENTRY--TOPICAL TERM |
| Topical term or geographic name as entry element |
Horror |
| 650 ## - SUBJECT ADDED ENTRY--TOPICAL TERM |
| Topical term or geographic name as entry element |
Sci-Fi |
| 650 ## - SUBJECT ADDED ENTRY--TOPICAL TERM |
| Topical term or geographic name as entry element |
Thriller |
| 700 ## - ADDED ENTRY--PERSONAL NAME |
| Personal name |
Ôtomo, Katsuhiro, director and writer. |
| 700 ## - ADDED ENTRY--PERSONAL NAME |
| Personal name |
Morimoto, Kôji, director. |
| 700 ## - ADDED ENTRY--PERSONAL NAME |
| Personal name |
Okamura, Tensai, director. |
| 700 ## - ADDED ENTRY--PERSONAL NAME |
| Personal name |
Kon, Satoshi, writer. |
| 700 ## - ADDED ENTRY--PERSONAL NAME |
| Personal name |
Isobe, Tsutomu, star. |
| 700 ## - ADDED ENTRY--PERSONAL NAME |
| Personal name |
Îzuka, Shôzô, star. |
| 700 ## - ADDED ENTRY--PERSONAL NAME |
| Personal name |
Yamadera, Kôichi, star. |
| 942 ## - ADDED ENTRY ELEMENTS (KOHA) |
| Source of classification or shelving scheme |
|
| Item type |
Audio-Visual Materials |